Statistics for Star Wars Directors

Click here to take the quiz!

General Stats

  • This quiz has been taken 17 times
    (7 since last reset)
  • The average score is 5 of 14

Answer Stats

YearFilmDirector% Correct
1977A New HopeGeorge Lucas
83%
1999The Phantom MenaceGeorge Lucas
83%
2002Attack of the ClonesGeorge Lucas
83%
2005Revenge of the SithGeorge Lucas
83%
2015The Force AwakensJ. J. Abrams
50%
2019The Rise of SkywalkerJ. J. Abrams
50%
2018SoloRon Howard
33%
2008The Clone WarsDave Filoni
0%
2016Rogue OneGareth Edwards
0%
1980The Empire Strikes BackIrvin Kirshner
0%
2017The Last JediRian Johnson
0%
1983Return of the JediRichard Marquand
0%
??Sharmeen Obaid-Chinoy
0%
2025?Taika Waititi
0%

Score Distribution

Percentile by Number Answered

Percent of People with Each Score

Your Score History

You have not taken this quiz since the last reset